书目信息 |
| 题名: |
精通Oracle SQL
|
|
| 作者: | 莫顿 , 奥斯本 , 桑兹 著 ;朱浩波 译 | |
| 分册: | ||
| 出版信息: | 北京 人民邮电出版社 2014 |
|
| 页数: | 530页 | |
| 开本: | 24cm | |
| 丛书名: | 图灵程序设计丛书 | |
| 单 册: | ||
| 中图分类: | TP311.138SQ , TP311.138 | |
| 科图分类: | ||
| 主题词: | 关系数据库系统--Guan Xi Shu Ju Ku Xi Tong | |
| 电子资源: | ||
| ISBN: | 978-7-115-35166-1 | |
| 000 | 01629nam 2200373 450 | |
| 001 | 1658424375 | |
| 005 | 20140520110927.2 | |
| 010 | @a978-7-115-35166-1@dCNY99.00 | |
| 100 | @a20140520d2014 em y0chiy0120 ea | |
| 101 | 1 | @achi@ceng |
| 102 | @aCN@b110000 | |
| 105 | @aa z 000yy | |
| 106 | @ar | |
| 200 | 1 | @a精通Oracle SQL@AJing Tong Oracle SQL@d= Pro Oracle SQL@f(美) Karen Morton ... [等] 著@g朱浩波译@zeng |
| 210 | @a北京@c人民邮电出版社@d2014 | |
| 215 | @a530页@c图@d24cm | |
| 225 | 2 | @a图灵程序设计丛书@ATu Ling Cheng Xu She Ji Cong Shu |
| 304 | @a题名页题其余责任者: Kerry Osborne, Robyn Sands, Riyaj Shamsudeen, Jared Still | |
| 305 | @a据原书第2版译出 | |
| 306 | @a本书中文简体字版由Apress L. P.授权人民邮电出版社独家出版 | |
| 314 | @a责任者Karen Morton规范汉译姓 : 莫顿, 责任者Kerry Osborne规范汉译姓 : 奥斯本, 责任者Robyn Sands规范汉译姓 : 桑兹 | |
| 330 | @a本书作者以精炼、风趣的语言揭开了Oracle SQL高级编程的神秘面纱。所涵盖的内容涉及SQL核心、SQL执行、分析函数、联结、测试与质量保证等,并提供大量实用性建议,且总结出方方面面的“技巧”帮助读者在阅读过程中快速消化所看内容。 | |
| 333 | @a本书旨在为Oracle数据库开发人员、DBA和架构师提供参考 | |
| 410 | 0 | @12001 @a图灵程序设计丛书 |
| 500 | 10 | @aPro Oracle SQL@mChinese |
| 606 | 0 | @a关系数据库系统@AGuan Xi Shu Ju Ku Xi Tong |
| 690 | @aTP311.138SQ@v5 | |
| 690 | @aTP311.138@v4 | |
| 701 | 1 | @a莫顿@AMo Dun@g(Morton, Karen)@4著 |
| 701 | 1 | @a奥斯本@AAo Si Ben@g(Osborne, Kerry)@4著 |
| 701 | 1 | @a桑兹@ASang Zi@g(Sands, Robyn)@4著 |
| 702 | 0 | @a朱浩波@AZhu Hao Bo@4译 |
| 801 | 0 | @aCN@b江苏新华@c20150511 |
| 905 | @aBZT@dTP311.138@e51 | |
| 精通Oracle SQL= Pro Oracle SQL/(美) Karen Morton ... [等] 著/朱浩波译.-北京:人民邮电出版社,2014 |
| 530页:图;24cm.-(图灵程序设计丛书) |
| 使用对象:本书旨在为Oracle数据库开发人员、DBA和架构师提供参考 |
| ISBN 978-7-115-35166-1:CNY99.00 |
| 本书作者以精炼、风趣的语言揭开了Oracle SQL高级编程的神秘面纱。所涵盖的内容涉及SQL核心、SQL执行、分析函数、联结、测试与质量保证等,并提供大量实用性建议,且总结出方方面面的“技巧”帮助读者在阅读过程中快速消化所看内容。 |
| ● |
| 相关链接 |
|
|
|
正题名:精通Oracle SQL
索取号:TP311.138/51
 
预约/预借
| 序号 | 登录号 | 条形码 | 馆藏地/架位号 | 状态 | 备注 |
| 1 | 796837 | 2000796837 | 第二书库/ [索取号:TP311.138/51] | 在馆 | |
| 2 | 796838 | 2000796838 | 第二书库/ [索取号:TP311.138/51] | 在馆 | |
| 3 | 796839 | 2000796839 | 第二书库/ [索取号:TP311.138/51] | 在馆 |